000 00499cam a2200145 4500500
005 20251228082902.0
041 _afre
042 _adc
100 1 0 _aJanczukiewick, Jérôme
_eauthor
245 0 0 _aLa prise du pouvoir par Louis XIV : la construction du mythe
260 _c2005.
500 _a24
786 0 _nDix-septième siècle | 227 | 2 | 2005-06-01 | p. 243-264 | 0012-4273
856 4 1 _uhttps://shs.cairn.info/revue-dix-septieme-siecle-2005-2-page-243?lang=fr&redirect-ssocas=7080
999 _c1599985
_d1599985